Successful people in Malaysia

Bibliographic Details
Format: Book
Published: Kuala Lumpur : British Publishing House , 2019
Subjects:

MARC

LEADER 00000cam a2200000 7i4500
001 0000085111
005 20200212.0
008 200212
020 |a 9781912100347 
041 0 |a English 
090 0 0 |a 923.2595   |b SUC 
245 0 0 |a Successful people in Malaysia 
260 |a Kuala Lumpur :   |b British Publishing House ,   |c 2019 
300 |a 572 p. ;   |c 23.7 cm. 
541 0 0 |c Donation books 
650 0 |a Successful people   |z Malaysia   |x Biography 
650 0 |a Success   |z Malaysia 
999 |a 0001611186   |b Book   |c REFERENCE   |e Perbadanan Perpustakaan Awam Johor